000 00317nam a2200133Ia 4500
100 _aDr.Jose George
650 _aPolitics
942 _cBK
245 _aDecentralised Administration and participatory planning in kerala.
260 _bHimalaya pub.house
_c2009
300 _a430
546 _aENGLISH
999 _c23870
_d23870